[Event "Mbro:Redcar"]
[Site "?"]
[Date "1994.??.??"]
[Round "9"]
[White "Ivanchuk Vassily"]
[Black "Kasparov Garry"]
[Result "1/2-1/2"]
[WhiteElo "2710"]
[BlackElo "2805"]
[PlyCount "71"]
[EventDate "1994.??.??"]
[Source "www.chesslib.no"]
[SourceDate "2004.05.04"]

1. e4 c5 2. Ne2 Nf6 3. Nbc3 d6 4. g3 Nc6 5. Bg2 g6 6. d4 cxd4 7. Nxd4 Nxd4 8. Qxd4 Bg7 9. Be3 O-O 10. Qd2 Ng4 11. Bf4 Ne5 12. Nd5 Bg4 13. O-O e6 14. Ne3 Nf3+ 15. Bxf3 Bxf3 16. Bxd6 b5 17. Qd3 Bxe4 18. Qxe4 Qxd6 19. Rfd1 Qc5 20. c3 Rab8 21. a3 a5 22. Rac1 h5 23. Rc2 Rfd8 24. Rcd2 Rxd2 25. Rxd2 b4 26. axb4 axb4 27. cxb4 Qxb4 28. Qxb4 Rxb4 29. Rd8+ Bf8 30. Nd1 h4 31. Kg2 Kg7 32. Rd3 f5 33. b3 Kf6 34. Ne3 Bc5 35. f3 Bxe3 36. Rxe3 1/2-1/2

[Event "Horgen"]
[Site "?"]
[Date "1995.??.??"]
[Round "?"]
[White "Ivanchuk, V."]
[Black "Kramnik, Vladimir"]
[Result "1/2-1/2"]
[WhiteElo "2740"]
[BlackElo "2730"]
[PlyCount "97"]
[EventDate "1995.??.??"]
[Source "ChessBase"]
[SourceDate "1995.10.01"]

1. e4 c5 2. Nf3 Nc6 3. d4 cxd4 4. Nxd4 Nf6 5. Nc3 d6 6. g3 g6 7. Nde2 Bg7 8. Bg2 O-O 9. O-O Rb8 10. a4 a6 11. Nd5 b5 12. axb5 axb5 13. Be3 b4 14. Ra2 Ng4 15. Bg5 h6 16. Bc1 e6 17. Ne3 b3 18. cxb3 Nge5 19. Bd2 Qb6 20. Bc3 Ba6 21. Qd2 Bxe2 22. Qxe2 Nd4 23. Bxd4 Qxd4 24. Rd1 Qc5 25. Ra6 Rxb3 26. Raxd6 Rxb2 27. R6d2 Rfb8 28. Rc2 R8b3 29. Rdd2 Rxc2 30. Rxc2 Rb1+ 31. Nf1 Qb6 32. h3 Nc6 33. Qc4 Nd4 34. Ra2 h5 35. h4 Kh7 36. Kh2 Rb4 37. Qc1 Nc6 38. Ne3 Bh6 39. f4 Rb3 40. Ra3 Rb1 41. Ra6 Qxa6 42. Qxb1 Qe2 43. Nf1 Nd4 44. Qb7 Kg8 45. Qc8+ Bf8 46. Qc3 Bg7 47. Qe3 Qb2 48. Qd2 Qb3 49. Ne3 1/2-1/2

[Event "Olimpiadi 2008 - open"]
[Site "Dresda GER"]
[Date "2008.11.23"]
[Round "10"]
[White "Movsesian, S."]
[Black "Bacrot, E."]
[Result "1/2-1/2"]
[WhiteElo "2732"]
[BlackElo "2705"]
[PlyCount "77"]
[EventDate "2008.11.13"]
[Source "www.chesslib.no"]
[SourceDate "2004.05.04"]

1. e4 c5 2. Nf3 Nc6 3. Nc3 g6 4. d4 cxd4 5. Nxd4 Bg7 6. Nde2 Nf6 7. g3 O-O 8. Bg2 d6 9. O-O Bg4 10. h3 Bxe2 11. Nxe2 b5 12. c3 Rb8 13. Nd4 Ne5 14. f4 Nc4 15. Kh2 Qc7 16. a4 b4 17. b3 Na5 18. c4 a6 19. Rb1 Nd7 20. Nc2 e6 21. Ne3 Nb7 22. g4 Nbc5 23. g5 f6 24. h4 fxg5 25. hxg5 h6 26. gxh6 Bxh6 27. Ng4 Bg7 28. Qe2 g5 29. Kh1 Nf6 30. Nf2 Qf7 31. Bf3 gxf4 32. Bxf4 Nfxe4 33. Nxe4 Qxf4 34. Nxc5 Qh6+ 35. Qh2 Qxh2+ 36. Kxh2 dxc5 37. Bg4 Rxf1 38. Rxf1 Re8 39. Re1 1/2-1/2

[Event "IX torneo Karpov"]
[Site "Poikovsky RUS"]
[Date "2008.07.08"]
[Round "1"]
[White "Rublevsky, S."]
[Black "Gashimov, V."]
[Result "1-0"]
[WhiteElo "2699"]
[BlackElo "2717"]
[PlyCount "119"]
[EventDate "2008.07.08"]
[Source "www.chesslib.no"]
[SourceDate "2004.05.04"]

1. e4 c5 2. Nf3 d6 3. d4 cxd4 4. Nxd4 Nf6 5. Nc3 g6 6. Be2 Bg7 7. O-O O-O 8. Re1 Nc6 9. Nb3 b6 10. Bg5 h6 11. Bh4 g5 12. Bg3 Bb7 13. Qd2 Ne5 14. Qe3 Nfg4 15. Bxg4 Nxg4 16. Qe2 Ne5 17. Rad1 e6 18. Nb5 Ba6 19. c4 Qe7 20. N3d4 Rac8 21. b3 Rfd8 22. a4 Kh7 23. Nc2 Ra8 24. Rd2 Bxb5 25. cxb5 Ng6 26. Red1 d5 27. exd5 exd5 28. Qf3 Rac8 29. Nd4 Bxd4 30. Rxd4 Qe6 31. h4 gxh4 32. Bxh4 Nxh4 33. Rxh4 Rd6 34. Rdd4 Rc1+ 35. Kh2 Qe5+ 36. g3 Rf6 37. Rhf4 Rxf4 38. Rxf4 Rc3 39. Qd1 Rc7 40. Qd3+ Kg7 41. Rf5 Rc3 42. Qxd5 Qxd5 43. Rxd5 Rxb3 44. Rd7 Ra3 45. Rxa7 h5 46. Ra6 f6 47. Kg2 Kg6 48. Kf1 Ra2 49. Ke1 Kg5 50. Kd1 f5 51. Rxb6 Rxa4 52. f4+ Kg4 53. Rg6+ Kf3 54. b6 h4 55. gxh4 Rxf4 56. b7 Rd4+ 57. Kc2 Rd8 58. h5 Rb8 59. Rg7 f4 60. h6 1-0

[Event "Rubinstein mem"]
[Site "Polanica Zdroj"]
[Date "2000.08.26"]
[Round "9"]
[White "Movsesian, Sergei"]
[Black "Shirov, Alexei"]
[Result "1/2-1/2"]
[WhiteElo "2666"]
[BlackElo "2746"]
[PlyCount "63"]
[EventDate "2000.08.17"]
[Source "ChessBase"]
[SourceDate "2000.11.21"]

1. e4 c5 2. Nf3 d6 3. d4 cxd4 4. Nxd4 Nf6 5. Nc3 Nc6 6. g3 g6 7. Nde2 Bg7 8. Bg2 O-O 9. O-O Rb8 10. a4 a6 11. h3 b5 12. axb5 axb5 13. Be3 b4 14. Nd5 Nd7 15. Rb1 e6 16. Ndf4 b3 17. cxb3 Nc5 18. Nc1 Na5 19. e5 Ba6 20. Re1 Naxb3 21. exd6 Qd7 22. Nxb3 Nxb3 23. Ne2 Be5 24. Nd4 Nxd4 25. Bxd4 Bxd6 26. Bc3 Qe7 27. Ra1 Bb7 28. Bxb7 Rxb7 29. Qf3 Rb5 30. Qe3 Bb4 31. Ra7 Rb7 32. Rxb7 1/2-1/2

[Event "Buenos Aires"]
[Site "?"]
[Date "1994.??.??"]
[Round "?"]
[White "Salov, V."]
[Black "Ivanchuk, V."]
[Result "1-0"]
[WhiteElo "2710"]
[BlackElo "2695"]
[PlyCount "74"]
[EventDate "1994.??.??"]
[Source "ChessBase"]
[SourceDate "1994.10.01"]

1. e4 c5 2. Nf3 Nc6 3. d4 cxd4 4. Nxd4 Nf6 5. Nc3 d6 6. g3 g6 7. Nde2 Bd7 8. Bg2 Bg7 9. h3 Qc8 10. b3 O-O 11. Bb2 a5 12. a3 Ra6 13. Rb1 Na7 14. Nf4 Re8 15. Ncd5 Nxd5 16. Nxd5 Bxb2 17. Rxb2 a4 18. bxa4 Nc6 19. Nb6 Qc7 20. Nd5 Qc8 21. Qd2 Ne5 22. Rb4 Bxa4 23. O-O Bc6 24. Ra1 Nd7 25. a4 Qd8 26. Qh6 e6 27. Ne3 Qf6 28. Rd1 g5 29. Qxf6 Nxf6 30. Rxd6 Rea8 31. e5 Bxg2 32. Rxa6 Rxa6 33. Kxg2 Nd7 34. Nc4 Rc6 35. f4 gxf4 36. gxf4 Nc5 37. Nd6 f5 1-0

[Event "It"]
[Site "Ashdod"]
[Date "2004.12.13"]
[Round "4"]
[White "Smirin, I."]
[Black "Sutovsky, E."]
[Result "1/2-1/2"]
[WhiteElo "2673"]
[BlackElo "2697"]
[PlyCount "66"]
[EventDate "2004.12.10"]
[Source "Roberto Alvarez"]
[SourceDate "2004.12.13"]

1. e4 c5 2. Nf3 d6 3. d4 cxd4 4. Nxd4 Nf6 5. Nc3 a6 6. a4 Nc6 7. Be2 g6 8. O-O Bg7 9. Be3 O-O 10. f4 Rb8 11. Bf3 e5 12. Nxc6 bxc6 13. fxe5 dxe5 14. Qxd8 Rxd8 15. Rad1 Rxd1 16. Rxd1 Be6 17. b3 Bf8 18. h3 a5 19. Ba7 Rb7 20. Bf2 Nd7 21. Kf1 Rb8 22. Bg4 f5 23. Bf3 Nf6 24. exf5 Bxf5 25. Bh4 Bb4 26. Bxf6 Bxc3 27. Bxc6 Bxc2 28. Bd5+ Kf8 29. Rc1 Bxb3 30. Rxc3 Bxd5 31. Bxe5 Rb1+ 32. Kf2 Rb2+ 33. Ke3 Rb3 1/2-1/2

[Event "It"]
[Site "Ashdod"]
[Date "2004.12.10"]
[Round "1"]
[White "Smirin, I."]
[Black "Gelfand, B."]
[Result "1-0"]
[WhiteElo "2673"]
[BlackElo "2693"]
[PlyCount "123"]
[EventDate "2004.12.10"]
[Source "Roberto Alvarez"]
[SourceDate "2004.12.13"]

1. e4 c5 2. Nf3 d6 3. d4 cxd4 4. Nxd4 Nf6 5. Nc3 a6 6. a4 Nc6 7. Be2 g6 8. O-O Bg7 9. Be3 O-O 10. f4 Rb8 11. Kh1 Bg4 12. Nb3 Qc8 13. a5 Bxe2 14. Qxe2 Nd7 15. Na4 f5 16. exf5 Rxf5 17. Bd2 Rf7 18. Bc3 Bxc3 19. Nxc3 Nf6 20. Nd2 Qg4 21. g3 Qxe2 22. Nxe2 Ng4 23. Rf3 Rf5 24. h3 Nf6 25. Nb3 h5 26. c4 Kf7 27. Kg2 g5 28. Ned4 Nxd4 29. Nxd4 Rc5 30. fxg5 Rxg5 31. Nf5 Rc8 32. Raf1 Rg6 33. Re3 Rc7 34. b4 Rd7 35. b5 e6 36. Nd4 Rh6 37. Nf3 Rg6 38. c5 Nd5 39. Re4 Rf6 40. b6 Kg7 41. Nd4 Rxf1 42. Nxe6+ Kg6 43. Kxf1 Kf5 44. Re2 dxc5 45. Nxc5 Rg7 46. Re8 Nb4 47. Rc8 Ke5 48. Rh8 Rxg3 49. Rxh5+ Kd4 50. Nxb7 Nd3 51. Nd6 Rf3+ 52. Kg1 Rg3+ 53. Kh2 Rg8 54. Rf5 Ne5 55. Nf7 Nc4 56. h4 Ke4 57. Rc5 Kd4 58. Rc7 Nxa5 59. h5 Rb8 60. h6 Rxb6 61. h7 Rb8 62. Ra7 1-0

[Event "Amber 2007 Rapid"]
[Site "Monte Carlo MNC"]
[Date "2007.03.28"]
[Round "10"]
[White "Vallejo Pons, F."]
[Black "Van Wely, L."]
[Result "1-0"]
[WhiteElo "2679"]
[BlackElo "2683"]
[PlyCount "121"]
[EventDate "2007.03.17"]
[Source "www.chesslib.no"]
[SourceDate "2004.05.04"]

1. e4 c5 2. Ne2 Nf6 3. Nbc3 d6 4. g3 Nc6 5. d4 cxd4 6. Nxd4 g6 7. Nde2 Bg7 8. Bg2 O-O 9. O-O Rb8 10. a4 a6 11. Nd5 b5 12. axb5 axb5 13. Bd2 Nd7 14. Bc3 Nde5 15. Nd4 Nxd4 16. Bxd4 Bg4 17. Qd2 Qd7 18. Ra7 Rb7 19. Rxb7 Qxb7 20. Bxe5 Bxe5 21. f4 Bg7 22. f5 e6 23. Nf4 Qb6+ 24. Kh1 Qd4 25. Qxd4 Bxd4 26. h3 g5 27. c3 Bc5 28. Nxe6 fxe6 29. hxg4 b4 30. cxb4 Bxb4 31. fxe6 Rxf1+ 32. Bxf1 Kg7 33. Bc4 d5 34. Bxd5 Kf6 35. Kg2 Ke5 36. Kf2 Kd4 37. Ke2 h6 38. Bc6 Kc4 39. Ke3 Bc5+ 40. Kd2 Bb4+ 41. Kc2 Be7 42. Bd5+ Kb4 43. Kd3 Kc5 44. Ba2 Kd6 45. b4 Bf6 46. Bd5 Be5 47. Kc4 Bxg3 48. Kb5 Be5 49. Ka6 h5 50. gxh5 g4 51. Bc4 g3 52. Bf1 Kxe6 53. Kb6 Kf6 54. Kc6 Kg5 55. Kd5 Bc7 56. e5 Kxh5 57. e6 Kg6 58. Kc6 Bd8 59. Kd7 Kf6 60. Kxd8 Kxe6 61. Kc7 1-0

[Event "Pardubice"]
[Site "?"]
[Date "1994.??.??"]
[Round "?"]
[White "Georgiev, Ki"]
[Black "Shirov, A."]
[Result "1-0"]
[WhiteElo "2615"]
[BlackElo "2740"]
[PlyCount "117"]
[EventDate "1994.??.??"]
[Source "ChessBase"]
[SourceDate "1994.06.01"]

1. e4 c5 2. Nf3 d6 3. d4 cxd4 4. Nxd4 Nf6 5. Nc3 Nc6 6. g3 g6 7. Nde2 Bg7 8. Bg2 O-O 9. O-O Rb8 10. a4 b6 11. Re1 Bb7 12. h3 Nb4 13. Nd5 Nbxd5 14. exd5 Qc7 15. Ra3 Rfe8 16. Re3 Rbc8 17. Nc3 a6 18. R3e2 Kf8 19. Be3 Qc4 20. Bxb6 Nd7 21. Be3 Nc5 22. Bg5 Be5 23. f4 Bxc3 24. bxc3 Rc7 25. f5 Qxc3 26. Re3 Qb2 27. f6 Kg8 28. Rxe7 Rcxe7 29. Rxe7 Rf8 30. Qe2 Bxd5 31. Bxd5 Qd4+ 32. Kh2 Qxd5 33. Bh6 Ne6 34. Bxf8 Kxf8 35. Qe3 Qc6 36. Qh6+ Kg8 37. Qd2 h6 38. h4 Qf3 39. Rd7 g5 40. Rxd6 gxh4 41. Qg2 Qxf6 42. gxh4+ Kf8 43. Qg3 Qf1 44. Rd2 Qc4 45. a5 Ke7 46. Rf2 Qc5 47. Qf3 Qe5+ 48. Kh1 f6 49. Re2 Qxa5 50. Qe4 Qb6 51. c4 a5 52. Qh7+ Kd8 53. Qg8+ Ke7 54. Qg7+ Kd6 55. Rd2+ Ke5 56. Rd5+ Kf4 57. Qxf6+ Kg3 58. Qg6+ Kh3 59. Qf5+ 1-0

[Event "RUS"]
[Site "?"]
[Date "2006.04.22"]
[Round "3"]
[White "Movsesian Sergei"]
[Black "Morozevich Alexander"]
[Result "1-0"]
[WhiteElo "2618"]
[BlackElo "2730"]
[PlyCount "155"]
[EventDate "2006.??.??"]
[Source "www.chesslib.no"]
[SourceDate "2004.05.04"]

1. e4 c5 2. Nf3 d6 3. d4 cxd4 4. Nxd4 Nf6 5. Nc3 Nc6 6. g3 g6 7. Nde2 Bg7 8. Bg2 O-O 9. O-O Bg4 10. h3 Bxe2 11. Nxe2 Nd7 12. Rb1 Rb8 13. a4 b5 14. axb5 Rxb5 15. b3 a5 16. Be3 Qb8 17. e5 Rc8 18. Bxc6 Rxc6 19. Nd4 Nxe5 20. c4 Rbb6 21. Nxc6 Rxc6 22. Bd4 Qc8 23. Kg2 Qb7 24. Bxe5 Bxe5 25. Qf3 Qc8 26. Rfd1 Qa6 27. Rd2 Qb6 28. Qe4 e6 29. Rbd1 Kg7 30. Rd3 Qc7 31. Qf3 Rb6 32. R1d2 Rc6 33. Ra2 Rc5 34. Qe4 Qb8 35. Qe3 Qb7+ 36. Kh2 Qb8 37. Rad2 Rc6 38. h4 h5 39. Qe4 Rb6 40. Qf3 Rb4 41. Ra2 Qb6 42. Qe3 Qc7 43. Kg1 Kg8 44. Qf3 Qa7 45. Qc6 Kg7 46. Ra4 Rb6 47. Qf3 Ra6 48. Qe3 Qc7 49. Qd2 Qa7 50. Qa2 Qa8 51. b4 Qe4 52. Re3 Qd4 53. Qc2 Rc6 54. bxa5 Qa7 55. Qe4 Ra6 56. Rea3 Bd4 57. Ra2 Bc5 58. Qf3 Qd7 59. Kg2 e5 60. Qe4 Qe8 61. Kg1 Qd7 62. Kh2 Qe8 63. Qb7 Ra7 64. a6 e4 65. Qb2+ Kh7 66. Qe2 f5 67. Ra5 f4 68. Rb5 f3 69. Qb2 e3 70. Rb7+ Rxb7 71. Qxb7+ Kh6 72. Qxf3 exf2 73. Re2 Qd8 74. Kg2 d5 75. Qxd5 Qf8 76. Kf1 Qc8 77. Re6 Kh7 78. Qb7+ 1-0

[Event "Bled (ol) 86/207"]
[Site "?"]
[Date "2002.??.??"]
[Round "?"]
[White "Movsesian, S."]
[Black "Kasimdzhanov, R."]
[Result "1/2-1/2"]
[WhiteElo "2651"]
[BlackElo "2653"]
[PlyCount "102"]
[EventDate "2002.??.??"]
[Source "Chess Informant"]
[SourceDate "2002.10.01"]

1. e4 c5 2. Nc3 Nc6 3. Nge2 Nf6 4. g3 g6 5. d4 cxd4 6. Nxd4 Bg7 7. Nde2 O-O 8. Bg2 d6 9. O-O Bd7 10. h3 Rb8 11. a4 a6 12. Re1 b5 13. axb5 axb5 14. Nd5 Ne8 15. Rb1 b4 16. b3 Nc7 17. Bb2 Bxb2 18. Rxb2 e5 19. Qd2 Nxd5 20. Qxd5 Qe7 21. Rd1 Rfd8 22. Rbb1 Be8 23. Rd2 Kg7 24. Rbd1 f6 25. Qd3 Bf7 26. Qe3 Na7 27. Rd3 Nb5 28. Qd2 Qc7 29. Rc1 Qc5 30. Bf3 Rbc8 31. h4 d5 32. exd5 f5 33. Bg2 e4 34. Re3 Bxd5 35. Qe1 Bf7 36. Kh2 Qd6 37. c4 bxc3 38. Nxc3 Nd4 39. Qf1 Nxb3 40. Rd1 Qf6 41. Rxd8 Rxd8 42. Ne2 h6 43. Qe1 Nd2 44. Qc1 Nc4 45. Rc3 Ne5 46. Kg1 Nd3 47. Qe3 g5 48. hxg5 Qxg5 49. Nd4 Qf6 50. Nxf5+ Qxf5 51. Bxe4 Qxf2+ 1/2-1/2

[Event "Elenite"]
[Site "Elenite"]
[Date "1993.??.??"]
[Round "3"]
[White "Smirin, Ilia"]
[Black "Georgiev, Kiril"]
[Result "1/2-1/2"]
[WhiteElo "2640"]
[BlackElo "2660"]
[PlyCount "33"]
[EventDate "1993.??.??"]
[Source "ChessBase"]

1. e4 c5 2. Nf3 d6 3. d4 cxd4 4. Nxd4 Nf6 5. Nc3 Nc6 6. Be2 g6 7. O-O Bg7 8. Nb3 O-O 9. Kh1 a6 10. a4 Be6 11. f4 Bxb3 12. cxb3 e6 13. Bf3 Rc8 14. Be3 Re8 15. Bg1 Qc7 16. Rc1 Qb8 17. Rc2 1/2-1/2

[Event "Buenos Aires Sicilian"]
[Site "Buenos Aires"]
[Date "1994.??.??"]
[Round "7"]
[White "Ljubojevic, Ljubomir"]
[Black "Kamsky, Gata"]
[Result "1/2-1/2"]
[WhiteElo "2580"]
[BlackElo "2695"]
[PlyCount "130"]
[EventDate "1994.10.??"]
[Source "ChessBase"]

1. e4 c5 2. Nf3 Nc6 3. d4 cxd4 4. Nxd4 g6 5. Nc3 Bg7 6. Nb3 Nf6 7. Be2 O-O 8. O-O d6 9. Bg5 Be6 10. Rb1 Rc8 11. Qd2 a6 12. Rfd1 b5 13. Qf4 Ne5 14. Nd4 Bc4 15. a3 Bxe2 16. Ndxe2 Rc4 17. Ng3 Re8 18. h3 Qb8 19. Bxf6 Bxf6 20. Nd5 Bg7 21. c3 a5 22. Rd2 Rc5 23. Rbd1 Nc4 24. Re2 Nb6 25. Nf1 Nd7 26. Nd2 Qa7 27. Nf3 h6 28. Qe3 Qb8 29. Qd2 Nb6 30. Qd3 Nc4 31. Nd4 e6 32. Ne3 Rd8 33. Nb3 Rcc8 34. Qb1 Qb6 35. Qd3 Ne5 36. Qb1 b4 37. cxb4 axb4 38. Nd4 Nc4 39. Nxc4 Rxc4 40. Nc2 bxa3 41. bxa3 Qxb1 42. Rxb1 Rdc8 43. Nb4 h5 44. h4 Rc3 45. Ra2 Bd4 46. Kf1 Ra8 47. Nc2 Bc5 48. Ke2 Rc4 49. f3 Kg7 50. Rb3 f5 51. Ne3 Rca4 52. exf5 gxf5 53. g3 Kf6 54. f4 Bxa3 55. Nd1 Bc5 56. Rxa4 Rxa4 57. Nc3 Ra1 58. Kd3 Rf1 59. Ne2 Rf3+ 60. Kc2 Rxb3 61. Kxb3 Bf2 62. Kc4 Ke7 63. Kb5 Kd7 64. Kb4 Kc6 65. Kc4 d5+ 1/2-1/2

[Event "Frankfurt Ordix op"]
[Site "Frankfurt"]
[Date "1998.06.21"]
[Round "10"]
[White "Ivanchuk, Vassily"]
[Black "David, Alberto"]
[Result "1-0"]
[WhiteElo "2740"]
[BlackElo "2525"]
[PlyCount "69"]
[EventDate "1998.06.20"]
[Source "ChessBase"]
[SourceDate "1998.09.09"]

1. e4 c5 2. Nf3 d6 3. d4 cxd4 4. Nxd4 Nf6 5. Nc3 g6 6. Be2 Bg7 7. O-O O-O 8. Re1 Nc6 9. Nb3 a6 10. Bf1 b5 11. a4 b4 12. Nd5 Nd7 13. a5 Bb7 14. Ra2 e6 15. Ne3 Nc5 16. Nc4 Nxb3 17. cxb3 Bd4 18. Be3 e5 19. Qd2 Rb8 20. g3 Qf6 21. Bg2 Bxe3 22. fxe3 Rfd8 23. Raa1 Qe6 24. Red1 Ne7 25. Nb6 Qxb3 26. Ra4 Bc6 27. Rxb4 Qe6 28. Rc1 d5 29. exd5 Bxd5 30. Nxd5 Rxb4 31. Qxb4 Nxd5 32. Qb3 e4 33. Rd1 Rd7 34. Bf1 Qg4 35. Rxd5 1-0

[Event "Bermuda"]
[Site "Bermuda"]
[Date "2004.01.19"]
[Round "5"]
[White "Movsesian, Sergei"]
[Black "Shabalov, Alexander"]
[Result "1-0"]
[WhiteElo "2639"]
[BlackElo "2623"]
[PlyCount "83"]
[EventDate "2004.01.15"]
[Source "ChessBase"]
[SourceDate "2004.03.30"]

1. e4 c5 2. Nf3 Nc6 3. Nc3 d6 4. d4 cxd4 5. Nxd4 Nf6 6. g3 g6 7. Nde2 b6 8. Bg2 Ba6 9. O-O Bg7 10. b3 O-O 11. Bb2 Rc8 12. Qd2 e6 13. Rab1 d5 14. exd5 exd5 15. Rfd1 Re8 16. a4 d4 17. Nb5 Ne4 18. Qf4 g5 19. Qf3 g4 20. Qxg4 Nf6 21. Qf3 Ne5 22. Qf5 d3 23. Bxe5 Qd7 24. Qxd3 Qxd3 25. Rxd3 Rxe5 26. Ned4 Ne4 27. c4 Rd8 28. Nxa7 Bb7 29. Nab5 Rxb5 30. axb5 Rxd4 31. Rxd4 Bxd4 32. Rd1 Bxf2+ 33. Kf1 Be3 34. Rd8+ Kg7 35. Rb8 Nd2+ 36. Ke2 Bxg2 37. Kxe3 Nxb3 38. Rxb6 Bf1 39. Rb8 Bxc4 40. b6 Kf6 41. Ra8 Bd5 42. Ra3 1-0

[Event "Tilburg"]
[Site "?"]
[Date "1987.??.??"]
[Round "?"]
[White "Sokolov, A."]
[Black "Ljubojevic, Lj"]
[Result "1/2-1/2"]
[WhiteElo "2635"]
[BlackElo "2625"]
[PlyCount "81"]
[EventDate "1987.??.??"]
[Source "ChessBase"]
[SourceDate "1987.07.01"]

1. e4 c5 2. Nf3 d6 3. d4 cxd4 4. Nxd4 Nf6 5. Nc3 g6 6. Be2 Bg7 7. O-O Nc6 8. Nb3 O-O 9. Bg5 Rb8 10. a4 Be6 11. f4 Na5 12. Kh1 Rc8 13. Nxa5 Qxa5 14. Bd3 Bc4 15. Qe2 Qb4 16. Rab1 e6 17. f5 a6 18. Qf2 d5 19. Qh4 Bxd3 20. cxd3 Qd4 21. Qh3 exf5 22. exf5 Rc6 23. Rf4 Qe5 24. Rbf1 Re8 25. Qh4 Nh5 26. R4f3 Bf6 27. g4 Bxg5 28. Qxg5 Nf6 29. Qh4 d4 30. fxg6 fxg6 31. Rxf6 dxc3 32. Rxc6 bxc6 33. bxc3 Qd5+ 34. Kg1 Qxd3 35. Qf6 Qc4 36. h3 a5 37. Qf4 Qc5+ 38. Kh1 Rf8 39. Qxf8+ Qxf8 40. Rxf8+ Kxf8 41. Kg2 1/2-1/2

[Event "Groningen PCA"]
[Site "Groningen"]
[Date "1993.??.??"]
[Round "2"]
[White "Hjartarson, Johann"]
[Black "Topalov, Veselin"]
[Result "1/2-1/2"]
[WhiteElo "2605"]
[BlackElo "2650"]
[PlyCount "133"]
[EventDate "1993.12.??"]
[Source "ChessBase"]

1. e4 c5 2. Nf3 d6 3. d4 cxd4 4. Nxd4 Nf6 5. Nc3 g6 6. Be2 Bg7 7. Nb3 O-O 8. O-O a6 9. Bg5 Nbd7 10. Re1 b5 11. Bd3 Rb8 12. Qd2 Ne5 13. Nd5 Nxd5 14. exd5 Re8 15. Na5 Qc7 16. Bf1 b4 17. Nb3 a5 18. Rac1 a4 19. Nd4 Bd7 20. b3 Qa5 21. Ne2 axb3 22. axb3 Bc8 23. Red1 Bb7 24. h3 Rbc8 25. Bh6 Rc5 26. Bxg7 Kxg7 27. Nf4 Kg8 28. Ra1 Qc7 29. Qxb4 Rxc2 30. Ra7 Rb8 31. Rda1 Qc3 32. Qxc3 Rxc3 33. b4 Rb3 34. b5 Nd7 35. h4 h6 36. g3 Kg7 37. Rd1 Nc5 38. Re1 Kf6 39. Bc4 Rb4 40. Rc1 Ra8 41. Rxa8 Bxa8 42. Rc2 Na4 43. Bd3 Nc5 44. Bc4 Bb7 45. f3 Nd7 46. Bf1 Nb6 47. Rd2 Bc8 48. Ra2 Rb1 49. Kf2 Bb7 50. Rd2 Rb3 51. g4 e6 52. g5+ hxg5 53. hxg5+ Ke7 54. Ra2 Bxd5 55. Nxd5+ exd5 56. Ra7+ Kf8 57. Ra6 Nc4 58. Bxc4 dxc4 59. Rxd6 Rxb5 60. Rc6 Rb2+ 61. Ke3 Rc2 62. Kd4 Ke7 63. f4 Rc1 64. Rxc4 Rxc4+ 65. Kxc4 Ke6 66. Kd4 Kf5 67. Ke3 1/2-1/2

[Event "Calviá ol (Men)"]
[Site "Mallorca"]
[Date "2004.10.22"]
[Round "7.10"]
[White "McShane, Luke J"]
[Black "Tiviakov, Sergei"]
[Result "0-1"]
[WhiteElo "2629"]
[BlackElo "2617"]
[PlyCount "120"]
[EventDate "2004.10.15"]
[Source "Roberto Alvarez"]
[SourceDate "2004.10.25"]

1. e4 c5 2. Nf3 d6 3. d4 cxd4 4. Nxd4 Nf6 5. Nc3 g6 6. Bc4 Bg7 7. O-O O-O 8. Re1 Nc6 9. h3 Bd7 10. Bb3 Nxd4 11. Qxd4 Bc6 12. Qd1 b5 13. a3 Nd7 14. Nd5 Nc5 15. Bg5 Re8 16. Rb1 h6 17. Bh4 g5 18. Bg3 e6 19. Nb4 Bb7 20. f3 a5 21. Nd3 Nxb3 22. cxb3 f5 23. exf5 exf5 24. Bf2 Qf6 25. Qd2 Rxe1+ 26. Rxe1 Qf7 27. b4 a4 28. h4 f4 29. hxg5 hxg5 30. Nc1 g4 31. Qxd6 Bf8 32. Qe5 gxf3 33. Nd3 Ra6 34. Nxf4 Rh6 35. g4 Qg7 36. Qf5 Rf6 37. Nh5 Rxf5 38. Nxg7 Rg5 39. Nf5 Rxg4+ 40. Kf1 Be4 41. Ng3 Bd5 42. Re8 Kf7 43. Re5 Bc6 44. Rf5+ Ke8 45. Nh5 Rc4 46. Nf6+ Kd8 47. Bb6+ Kc8 48. Nd5 Bd6 49. Bc5 Bxc5 50. bxc5 Bxd5 51. Rxd5 Rc2 52. Rd3 Rxb2 53. Rxf3 Rb3 54. Rf7 Rxa3 55. Ke2 Rc3 56. Kd2 Rxc5 57. Kd3 a3 58. Ra7 b4 59. Kd4 Rc1 60. Kd3 b3 0-1

[Event "6. EICC"]
[Site "?"]
[Date "2005.06.29"]
[Round "11"]
[White "Malakhov Vladimir"]
[Black "Palac Mladen"]
[Result "1-0"]
[WhiteElo "2670"]
[BlackElo "2574"]
[PlyCount "97"]
[EventDate "2005.??.??"]
[Source "www.chesslib.no"]
[SourceDate "2004.05.04"]

1. e4 c5 2. Nc3 d6 3. Nge2 Nf6 4. g3 Nc6 5. Bg2 g6 6. d4 cxd4 7. Nxd4 Nxd4 8. Qxd4 Bg7 9. O-O O-O 10. Qd3 Be6 11. Nd5 Nxd5 12. exd5 Bf5 13. Qe2 b5 14. c3 Qd7 15. Re1 Rfc8 16. Bf1 Rab8 17. Qxe7 b4 18. Qxd7 Bxd7 19. cxb4 Rxb4 20. Re7 Rd8 21. Bd2 Rxb2 22. Ba5 Rb7 23. Ba6 Rb6 24. Bxb6 axb6 25. Rb1 Kf8 26. Re2 Bd4 27. Bb5 Bg4 28. Re8+ Rxe8 29. Bxe8 Bf5 30. Re1 Bc3 31. Re2 Bb4 32. Bb5 g5 33. f3 h5 34. Kf2 Bc5+ 35. Ke1 Kg7 36. Re8 Kf6 37. Ke2 g4 38. Rh8 Bg6 39. Re8 Kg7 40. Bd7 f5 41. Rc8 Kf6 42. Be8 Bg1 43. Bxg6 Kxg6 44. Kf1 Bc5 45. Kg2 Kf6 46. Re8 Kf7 47. Re6 Kg7 48. a4 Bb4 49. h3 1-0

[Event "Jugoslavija 81/185"]
[Site "?"]
[Date "2001.??.??"]
[Round "?"]
[White "Georgiev, Ki"]
[Black "Nevednichy, V."]
[Result "1/2-1/2"]
[WhiteElo "2676"]
[BlackElo "2563"]
[PlyCount "134"]
[EventDate "2001.??.??"]
[Source "Chess Informant"]
[SourceDate "2001.02.01"]

1. e4 c5 2. Nf3 d6 3. d4 cxd4 4. Nxd4 Nf6 5. Nc3 Nc6 6. g3 g6 7. Nde2 Bg7 8. Bg2 O-O 9. O-O Rb8 10. a4 a6 11. h3 b5 12. axb5 axb5 13. Bg5 h6 14. Be3 b4 15. Nd5 Nd7 16. Ra2 e6 17. Ndf4 b3 18. cxb3 Nc5 19. Qc1 Nb4 20. Ra3 Bb7 21. Nc3 Qe7 22. Rd1 Rfc8 23. Qd2 Qe8 24. Nfe2 Kh7 25. Bd4 e5 26. Be3 Ne6 27. Rc1 h5 28. h4 Kg8 29. Bh3 Bf8 30. Ra7 Nc6 31. Nd5 Bg7 32. Raa1 Ncd4 33. Nxd4 Rxc1+ 34. Rxc1 exd4 35. Bh6 Bxd5 36. Bxg7 Nxg7 37. exd5 Qe5 38. b4 Qxd5 39. Bf1 Ne6 40. Bc4 Qf5 41. Bxe6 Qxe6 42. Qxd4 Qe5 43. Qd2 d5 44. Rc5 Qe4 45. b5 d4 46. Qf4 Qxf4 47. gxf4 d3 48. Kf1 d2 49. Ke2 Rd8 50. Kd1 Rd4 51. b3 Rd3 52. Re5 Kg7 53. Re3 Rd4 54. f3 Rxf4 55. Kxd2 Rf5 56. b4 g5 57. hxg5 Rxg5 58. Kc3 Rxb5 59. Kc4 Rb8 60. b5 Kg6 61. Kc5 Kg5 62. b6 Kf4 63. Re7 f5 64. Rh7 Kxf3 65. Rxh5 f4 66. Rh7 Ke3 67. Re7+ Kd3 1/2-1/2

[Event "Yerevan (ol)"]
[Site "?"]
[Date "1996.??.??"]
[Round "?"]
[White "Yermolinsky, A."]
[Black "Smirin, I."]
[Result "1-0"]
[WhiteElo "2610"]
[BlackElo "2625"]
[PlyCount "91"]
[EventDate "1996.??.??"]
[Source "ChessBase"]
[SourceDate "1996.10.01"]

1. e4 c5 2. Nf3 d6 3. d4 cxd4 4. Nxd4 Nf6 5. Nc3 g6 6. g3 Nc6 7. Nde2 b6 8. Bg2 Ba6 9. O-O Bg7 10. h3 O-O 11. Bg5 h6 12. Be3 Nd7 13. Re1 Rc8 14. Qd2 Kh7 15. Rad1 Nc5 16. b3 Bb7 17. g4 e5 18. f4 exf4 19. Bxf4 Re8 20. Qxd6 Qh4 21. Bg3 Qg5 22. Qd2 Rcd8 23. Qxg5 hxg5 24. Rxd8 Rxd8 25. Nd5 Re8 26. c4 Nxe4 27. Nec3 Nd6 28. Rf1 Rd8 29. Bxd6 Rxd6 30. Ne4 Rd8 31. Rxf7 Bc8 32. Rc7 Ne5 33. Nxg5+ Kh6 34. Ne4 g5 35. Rxa7 b5 36. Nxg5 bxc4 37. bxc4 Re8 38. Rc7 Ba6 39. Rxg7 Kxg7 40. Nc7 Rc8 41. Nxa6 Rxc4 42. Nc5 Rc2 43. a4 Nc4 44. Nge6+ Kf6 45. g5+ Ke5 46. g6 1-0

[Event "Cap d'Agde"]
[Site "?"]
[Date "1994.??.??"]
[Round "?"]
[White "Lutz, Ch"]
[Black "Topalov, V."]
[Result "1-0"]
[WhiteElo "2580"]
[BlackElo "2645"]
[PlyCount "81"]
[EventDate "1994.??.??"]
[Source "ChessBase"]
[SourceDate "1994.10.01"]

1. e4 c5 2. Nf3 d6 3. d4 cxd4 4. Nxd4 Nf6 5. Nc3 g6 6. g3 Nc6 7. Nde2 Rb8 8. Bg2 b5 9. O-O Bg7 10. Nd5 Nd7 11. c3 a5 12. Nd4 Nxd4 13. cxd4 e6 14. Nf4 b4 15. Be3 Ba6 16. Re1 O-O 17. Qd2 Nb6 18. b3 Nc8 19. Rac1 Qd7 20. h4 Na7 21. a4 bxa3 22. Qxa5 Nb5 23. e5 Bb7 24. Bf1 Bc6 25. d5 exd5 26. e6 Qb7 27. exf7+ Rxf7 28. Ne6 Bb2 29. Nd8 Rxd8 30. Rxc6 Qxc6 31. Qxd8+ Rf8 32. Bxb5 Qxb5 33. Qxd6 Re8 34. Kh2 Bc3 35. Bc5 Kh8 36. Rxe8+ Qxe8 37. Bxa3 Qf7 38. Bc5 h5 39. b4 Kh7 40. b5 Bb4 41. b6 1-0